000 01430nam a2200361 i 4500
001 32720
003 ES-MaACL
005 20260227063021.0
007 ta
008 030131s1970 sp a 001 0 spa d
017 _aB 46237-1970
_bOficina Depósito Legal Madrid
040 _aES-MaACL
_bspa
_cES-MaACL
_erda
080 _a94(100)"1939/45"
245 0 3 _aLa Segunda Guerra Mundial :
_bpor el sonido y la imagen /
_cescrito bajo la dirección de Claude Bertin
250 _aEd. reservada a los Amigos de la Historia
264 1 _a[Madrid] :
_bCírculo de Amigos de la Historia,
_c[1970]
300 _a2 tomos :
_bilustraciones, mapas, fotos ;
_c18 x 19 cm +
_e2 vinilos
336 _2rdacontent
_3impreso
_aTexto
336 _2rdacontent
_3impreso
_aimagen fija
336 _2rdacontent
_3vinilos
_apalabra hablada
337 _2rdamedia
_3impreso
_asin mediación
337 _2rdamedia
_3vinilos
_aaudio
338 _2rdacarrier
_3impreso
_avolumen
338 _2rdacarrier
_3vinilos
_adisco sonoro
500 _aPalabras clave utilizadas durante la II Guerra Mundial: tomo 2, páginas 255-261
504 _aBibliografía: tomo 2, página 253 (sin numerar). Índices
650 0 4 _aGuerra mundial, 1939-1945.
_913228
700 1 _aBertin, Claude
_928464
_4pbd
_epbd
852 _aES-MaACL
_j
_cDEPOZ
_xEncuadernación cartoné
_933941
942 _cMONOGRAFIA
999 _c32720
_d32720